[Event "Negros Open 2017"]
[Site "Bacolod City"]
[Date "2017.10.18"]
[Round "8"]
[White "Antonio, Rogelio Jr"]
[Black "Nguyen, Duc Hoa"]
[Result "0-1"]
[WhiteElo "2365"]
[BlackElo "2499"]
[Annotator "TA"]
[PlyCount "144"]
[EventDate "2017.??.??"]
[EventType "swiss"]
[EventCountry "PHI"]
[SourceTitle "playchess.com"]
[Source "ChessBase"]
[SourceQuality "1"]

{[%evp 14,144,18,20,22,16,24,16,30,18,28,28,28,26,20,25,27,33,25,0,15,0,42,0,5,0,5,10,12,0,18,0,0,0,0,-8,-12,-10,0,-8,0,-10,-9,-25,-25,-24,-15,-25,-22,-30,0,0,0,-7,-8,-29,-5,-5,0,-21,-21,-21,-21,-39,-22,-41,-39,-59,-53,-65,-56,-65,-44,-60,-47,-59,-57,-117,-112,-103,-79,-185,-159,-240,-181,-187,-208,-170,-201,-236,-228,-300,-300,-300,-300,-300,-300,-300,-300,-300,-300,-300,-300,-300,-300,-300,-295,-290,-187,-320,-290,-290,-290,-283,-283,-12833,-12834,-12834,-12835,-12836,-12836,-12833,-12832,-12833,-12833,-12833,-12834,-12833,-12835,-12834,-12834,-12830,-12828]} 1. e4 c5 2. Nf3 e6 3. c3 d5 4. exd5 Qxd5 5. d4 Nf6 6. Na3 Qd8 7. Nc2 Be7 8. Bd3 Nbd7 {B22: Sicilian: 2 c3} 9. Qe2 (9. O-O O-O 10. Bf4 b6 11. Qe2 Bb7 12. Rad1 Qc8 13. Rfe1 a6 14. Ne5 b5 15. c4 Nxe5 16. dxe5 bxc4 17. Bxc4 {0-1 (26) Salgado Lopez,I (2628)-Svidler,P (2739) Caleta 2015}) 9... b6 10. Bf4 Bb7 {The position is equal.} 11. Rd1 Qc8 12. dxc5 $146 ({Predecessor:} 12. O-O O-O 13. Rfe1 a6 14. Ne5 b5 15. Nxd7 Qxd7 {0-1 (44) Gutkis,V (2224)-Tunik,G (2442) Sochi 2012}) 12... Qxc5 13. Ncd4 O-O 14. O-O a6 15. Rfe1 {Threatens to win with Nxe6!} Rfe8 16. Nb3 Qc6 17. Nbd4 Qc5 18. Nb3 Qc8 19. Ne5 Nxe5 20. Bxe5 Qc6 {[%csl Gb7][%cal Rc6g2]} 21. f3 Red8 22. Bd4 Qc7 23. Qf2 Nd7 $1 24. Qg3 (24. Bc2 {keeps more tension.} Rac8 25. f4 Bd5 26. a3 a5 27. Be3) 24... Qxg3 25. hxg3 Rac8 26. Bf2 Kf8 27. Rd2 b5 28. Red1 Ne5 29. Be2 Bd5 30. Bb6 Re8 31. Na5 Nc4 ({Reject} 31... Bxa2 $6 32. b3 $14) 32. Nxc4 bxc4 33. Be3 Rb8 34. Re1 a5 35. Bd1 Rb7 36. Ba4 Reb8 37. Ree2 h5 38. Kf2 f6 39. Bd4 Kf7 40. Bc2 g5 41. Be3 Kg7 42. Ba4 Rc8 43. Rd1 Bd6 44. Rdd2 Rcb8 45. Bd4 {[#]} (45. Bd1 $15) 45... h4 $1 $17 46. gxh4 gxh4 47. Kf1 (47. Be3 $17) 47... Bf4 $19 48. Rc2 (48. Be3 $17 Bxe3 49. Rxe3) 48... e5 49. Be3 Bxe3 50. Rxe3 Rxb2 51. Ree2 Rxc2 52. Rxc2 {[%mdl 4096] Endgame [#] KRB-KRB} h3 $1 {[%mdl 512]} 53. Kg1 (53. gxh3 Bxf3) 53... Rb1+ 54. Kh2 {[#]} hxg2 $1 55. Rxg2+ Kf7 56. Kg3 Rf1 57. Rf2 Rg1+ 58. Rg2 Re1 59. Rd2 Ke6 60. Kf2 Rh1 61. Ke3 (61. Bd1 {was the only defense.}) 61... Kd6 62. Bc2 {Hoping for Be4.} Kc5 63. Rd1 Rh2 64. Rd2 $2 (64. Bb1) 64... Rxd2 {Black is clearly winning.} 65. Kxd2 Bxf3 {KB-KB} 66. Ke3 Bg4 67. Bg6 f5 {[%cal Bf6f5,Bf5f4][%mdl 32]} 68. Bf7 Bh3 69. Kf2 f4 70. Bg6 Kd5 71. Kf3 Bf1 72. Bf7+ Kd6 {Precision: White = 49%, Black = 75%.} 0-1

[Event "Negros Open 2017"]
[Site "Bacolod City"]
[Date "2017.10.18"]
[Round "8"]
[White "Tran, Minh Thang"]
[Black "Grigoryan, Karen H"]
[Result "0-1"]
[WhiteElo "2352"]
[BlackElo "2586"]
[Annotator "TA"]
[PlyCount "90"]
[EventDate "2017.??.??"]
[EventType "swiss"]
[EventCountry "PHI"]
[SourceTitle "playchess.com"]
[Source "ChessBase"]
[SourceQuality "1"]

{[%evp 21,90,38,93,97,90,87,90,81,86,90,105,88,88,90,77,79,71,95,95,106,111,111,111,111,107,116,137,126,131,127,123,102,112,124,105,108,98,11,172,187,172,182,169,173,170,110,162,0,163,-28,-33,-79,-77,-122,-152,-321,-310,-267,-291,-340,-329,-318,-206,-794,-787,-787,-787,-1277,-625,-6070,-4575]} 1. d4 d6 2. Nf3 g6 3. g3 Bg7 4. Bg2 Nd7 5. c4 e5 6. Nc3 Ne7 7. O-O O-O 8. e4 exd4 9. Nxd4 Nc6 10. Nde2 Nde5 11. b3 f5 (11... Re8 $14) 12. f4 $1 $16 {[%cal Rf4e5] A42: Modern Defence: Averbakh Variation} Ng4 13. h3 Nf6 14. exf5 $1 {White is better.} Bxf5 15. g4 $1 {[%cal Rg4f5]} Bd7 16. Be3 Kh8 17. Qd2 {[#]} h5 $146 ({Predecessor:} 17... a6 18. Rad1 Rf7 19. c5 dxc5 {0-1 (46) Kazhgaleyev,M (2578)-Sivuk,V (2515) Astana 2017}) 18. g5 Ng8 19. Nd4 Nge7 20. Rae1 Nf5 21. Nxf5 Bxf5 22. Kh2 Qd7 23. Nd5 Rf7 24. b4 {[%cal Bb3b4,Bb4b5][%mdl 32]} Raf8 25. b5 Ne7 26. Nf6 Bxf6 27. gxf6 Ng8 28. Bd5 Bxh3 29. f5 (29. Bd4 $1 $16 {Strongly threatening Re7.} Bxf1 30. Be6 Qxe6 31. Rxe6 Bxc4 32. f5 Bxe6 33. fxe6 Rxf6 34. Bxf6+ Rxf6 35. Qc3) 29... Bxf1 $2 (29... Bxf5 $11 30. Bxf7 (30. Bxa7 $2 b6 $19) 30... Rxf7) 30. Be6 $1 $18 {[%cal Re6d7]} Qd8 31. fxg6 Rxf6 32. Bd4 {aiming for g7+!} Kg7 ({Don't blunder} 32... Re8 $2 33. Bxg8 Kg7 34. Rxf1 $18) 33. Rxf1 $1 Nh6 (33... Qe7 $16 34. Re1 Re8) 34. Re1 $2 ({Stronger than} 34. Rxf6 Rxf6 35. Qf4 Qe7 $17) ({White should play} 34. Kh1 $18) 34... Qe8 $2 (34... d5 $11 {and Black has nothing to worry.}) 35. Bf7 $2 (35. Qd1 $1 $18) 35... Ng4+ $11 36. Kg3 Qd8 $1 {And now ...Ne5! would win.} 37. Qg5 {[#]} Ne5 $1 {( -> ...Rf3+)} 38. Bxe5 $2 (38. Qxh5 $17 Rh8 39. Rxe5 $1 {[%mdl 512]} dxe5 40. Qxe5) 38... dxe5 $19 39. Qxe5 Qd3+ 40. Re3 Qf1 41. Kh4 Qh1+ 42. Kg5 $2 (42. Rh3 Qf1 43. Rg3) 42... Qg2+ {Black is clearly winning.} 43. Rg3 Qf2 {...h4 is the strong threat.} 44. Rh3 Rd8 (44... R8xf7 $142 45. gxf7 Qg2+ 46. Rg3 {[#]} Qxg3+ $3 {[%mdl 512]} 47. Qxg3 Rg6+ 48. Kh4 Rxg3 49. Kxg3 Kxf7) 45. Bd5 Qg1+ {Precision: White = 48%, Black = 49%.} 0-1

[Event "Negros Open 2017"]
[Site "Bacolod City"]
[Date "2017.10.18"]
[Round "8"]
[White "Roque, Merben"]
[Black "Short, Nigel D"]
[Result "0-1"]
[WhiteElo "2309"]
[BlackElo "2698"]
[Annotator "TA"]
[PlyCount "83"]
[EventDate "2017.??.??"]
[EventType "swiss"]
[EventCountry "PHI"]
[SourceTitle "playchess.com"]
[Source "ChessBase"]
[SourceQuality "1"]

{[%evp 11,83,0,12,-15,0,0,0,-12,-20,-20,-15,-19,16,0,0,14,4,0,11,9,23,0,23,0,0,-27,-30,-28,-36,-43,-27,-43,-40,-101,-28,-29,-32,-15,-2,-16,0,0,0,0,0,-14,26,0,0,0,0,0,0,-50,-50,-551,-551,-527,-545,-544,-525,-511,-504,-496,-490,-483,-475,-473,-439,-1136,-1075,-952,-862,-6083]} 1. d4 Nf6 2. Bf4 d5 3. e3 c5 4. c3 Nc6 5. Nd2 Bf5 6. Ngf3 e6 {LiveBook: 59 Games} 7. h3 {D00: 1 d4 d5: Unusual lines} (7. Be2 h6 8. O-O Be7 9. dxc5 Bxc5 10. c4 O-O 11. a3 Be7 12. cxd5 Nxd5 13. Bg3 Bh7 14. Nc4 Qd7 {0-1 (75) Rakhmanov,A (2667)-Alekseev,E (2632) Tallinn 2016}) 7... a6 8. Be2 Bd6 $146 ({Predecessor:} 8... Be7 9. O-O O-O 10. Nh4 Ne4 11. Nxf5 exf5 12. Nf3 h6 13. a3 {0-1 (41) Laux,D (1334)-Volk,O (1078) Willingen 2015}) 9. Bxd6 {The position is equal.} Qxd6 10. O-O O-O 11. Nh4 Rfe8 12. Nxf5 exf5 13. dxc5 Qxc5 14. Nb3 Qb6 15. Qc2 g6 16. Rad1 h5 17. Rd2 Rad8 18. Rfd1 f4 19. exf4 Ne4 20. Bf3 Nxd2 21. Qxd2 a5 22. Qc1 {[#]} (22. f5 $15) 22... a4 ({Better is} 22... d4 $1 $17 23. f5 dxc3 24. Rxd8 Qxd8 25. Qxc3 a4 26. fxg6 fxg6) 23. Nd4 $11 Kg7 24. f5 Nxd4 25. Rxd4 a3 26. bxa3 Re5 27. fxg6 fxg6 28. Qd2 Qc7 29. Bxd5 b6 30. Bb3 Rxd4 31. cxd4 {[%mdl 4096] Endgame KQR-KQB} Re4 32. d5 Qe5 33. g3 $2 {[%mdl 8192] [#]} ({White must play} 33. Kf1 $15) 33... Re1+ $19 {Black is clearly winning.} 34. Kh2 Re2 35. Qf4 Qxf4 36. gxf4 Rxf2+ {KR-KB} 37. Kg3 Rd2 38. Kf3 Kf6 39. a4 Rd3+ 40. Ke4 (40. Kg2 $142) 40... Rxh3 41. d6 h4 42. Kd4 {Precision: White = 28%, Black = 55%.} 0-1

[Event "Negros Open 2017"]
[Site "Bacolod City"]
[Date "2017.10.18"]
[Round "8"]
[White "Montoyo, Ted Ian"]
[Black "Dableo, Ronald"]
[Result "1-0"]
[WhiteElo "2297"]
[BlackElo "2419"]
[Annotator "TA"]
[PlyCount "65"]
[EventDate "2017.??.??"]
[EventType "swiss"]
[EventCountry "PHI"]
[SourceTitle "playchess.com"]
[Source "ChessBase"]
[SourceQuality "1"]

{[%evp 13,65,24,16,6,8,0,16,4,25,22,50,27,56,-8,-8,-8,-8,-9,-8,-84,-95,-85,-93,-111,0,0,11,-50,-14,-113,-78,-101,-113,-95,-110,-114,-109,-333,-113,-119,-137,-154,0,-6,0,-35,0,-15,52,46,121,123,1896,1879]} 1. Nf3 d5 2. c4 c6 3. d4 Nf6 4. Nc3 a6 5. e3 Bf5 6. Qb3 Ra7 {D15: Slav Defence: 4 Nc3 a6 and gambit lines after 4 Nc3 dxc4} (6... b5 7. c5 a5 8. Ne5 g6 9. Nxb5 a4 10. Qb4 Nfd7 11. Nc3 Nxe5 12. dxe5 Nd7 13. Nxa4 Nxe5 14. Bd2 Nd7 15. Be2 {½-½ (15) Ragger,M (2680)-Fressinet,L (2668) Chartres 2017}) 7. Be2 e6 {LiveBook: 4 Games} 8. c5 Nbd7 {The position is equal.} 9. Na4 Ne4 $146 ({Predecessor:} 9... Be7 10. Bd2 Ne4 11. Nb6 Ndxc5 12. dxc5 Nxc5 13. Qc3 Qxb6 14. Qxg7 {½-½ (53) Ornithopoulos,N (2096)-Karagiannis,T (1720) Aghios Kirykos 2011}) 10. O-O Bg4 11. Qc2 f5 12. b4 Be7 13. Ne5 (13. Nb2 $14) 13... Bxe2 14. Qxe2 Nxe5 15. dxe5 a5 16. f3 (16. a3 $11) 16... axb4 $17 17. fxe4 Rxa4 18. exf5 exf5 ({Black should play} 18... O-O $17 19. f6 Bxc5) 19. Qc2 $11 {[#]} b3 $1 {[%mdl 512]} 20. Qxf5 ({Better is} 20. Qxb3 $11 Ra7 21. Rxf5) (20. axb3 Rxa1) 20... Rf8 $15 21. Qxh7 (21. Qe6 $1 $11 {remains equal.}) 21... Rxf1+ $17 22. Kxf1 Kd7 23. Qxg7 bxa2 ({But not} 23... Qf8+ 24. Qxf8 Bxf8 25. a3 $11) 24. e6+ Kxe6 25. Bb2 $2 (25. Qg6+ $17 Kd7 26. Qf5+ Kc7 27. Qc2) 25... Qf8+ $2 (25... Bxc5 $19 {Threatens to win with ...Qf8+.} 26. Qxb7 Qa8 27. Qxa8 Rxa8) 26. Qxf8 Bxf8 {[%mdl 4096] Endgame KRB-KRB} 27. Bd4 b5 (27... Kf5 $17 {Threatening ...Be7.} 28. Ke2 Ke4) 28. cxb6 $11 {[%cal Bc5b6,Bb6b7][%mdl 32]} c5 29. Bb2 Bd6 30. h3 Rc4 (30... Kd7 $11) 31. Rxa2 $14 {Strongly threatening Bg7.} Rc2 {[#]} ({Black should try} 31... Rb4 $14) 32. b7 $1 $16 c4 $2 {[%mdl 8192] [#]} (32... Kd7 $16) 33. Ba3 $1 {Precision: White = 32%, Black = 21%.} 1-0

[Event "Negros Open 2017"]
[Site "Bacolod City"]
[Date "2017.10.19"]
[Round "9"]
[White "Grigoryan, Karen H"]
[Black "Antonio, Rogelio Jr"]
[Result "1-0"]
[WhiteElo "2586"]
[BlackElo "2365"]
[Annotator "TA"]
[PlyCount "71"]
[EventDate "2017.??.??"]
[EventType "swiss"]
[EventCountry "PHI"]
[SourceTitle "playchess.com"]
[Source "ChessBase"]
[SourceQuality "1"]

{[%evp 12,71,15,-24,28,-15,-9,-51,19,13,16,0,4,10,51,57,68,70,62,62,64,65,79,79,79,83,68,36,37,39,29,29,82,32,36,1,13,12,40,31,90,90,96,89,97,89,97,98,106,82,102,111,166,166,151,151,266,266,266,266,266,266]} 1. e4 c6 2. d4 d5 3. e5 Bf5 4. h4 h5 5. c4 e6 6. Nc3 Be7 7. Qb3 {LiveBook: 14 Games. B12: Caro-Kann: Advance Variation} (7. Nge2 dxc4 8. Ng3 Bd3 9. Bxd3 cxd3 10. Qxd3 Na6 11. Be3 Nb4 12. Qe2 g6 13. Nge4 Nh6 14. Bg5 Nf5 {1-0 (53) Wang,H (2735)-Nepomniachtchi,I (2721) Beijing 2013}) 7... Qd7 (7... Qb6 $142) 8. Be2 $146 ({Predecessor:} 8. Nf3 Nh6 9. Bxh6 Rxh6 10. O-O-O Qc7 11. Bd3 Bg4 12. Be2 Nd7 13. cxd5 cxd5 14. Kb1 a6 15. Ng5 Bf5+ 16. Bd3 g6 17. Bxf5 gxf5 18. Rc1 Qb6 19. Qa4 Qd8 20. f4 {½-½ (20) Swan,I (2330)-Grant,J (2215) Scotland 1991}) 8... dxc4 9. Bxc4 {The position is equal.} Bd8 (9... b5 $15 10. Be2 b4) 10. Nf3 Ne7 11. Bg5 O-O 12. O-O $36 {[%mdl 2048] White has some pressure.} Nd5 13. Rfe1 Nxc3 14. bxc3 Na6 {[%cal Bb8a6,Ba6c7,Bc7d5,Bd5c3][%mdl 32]} 15. Bxd8 Raxd8 16. Ng5 {[%cal Bf3g5,Bg5e4,Be4d6][%mdl 32]} c5 17. Rad1 {[#] Strongly threatening d5.} cxd4 18. cxd4 {And now d5 would win.} Nc7 19. Bd3 (19. Qxb7 {is interesting.} Nd5 20. Qb3 Qc6 21. Bd3 Rb8 22. Qa3) 19... Bxd3 $1 20. Qxd3 {[%csl Gg5][%cal Rd3h7]} g6 21. Ne4 {[#] Threatens to win with Nf6+.} Qa4 (21... Nd5 $11) 22. Rd2 Nd5 23. Qf3 Kg7 24. Nd6 Qc6 25. Qa3 Qc3 (25... Nf4 $14 26. f3 Ra8) 26. Qxc3 $16 Nxc3 27. Rc1 Nd5 28. Nxb7 Rb8 29. Nd6 Rb4 30. g3 Rfb8 31. Rd3 Rb1 (31... a5 $16 {was necessary.} 32. Rc5 Ra8) 32. Rxb1 $18 Rxb1+ 33. Kg2 Ne7 (33... a6 $16 {might work better.} 34. Rf3 f5 35. exf6+ Nxf6) 34. Ra3 {White has a decisive advantage.} Nc6 35. Rf3 Nd8 36. Rc3 {Precision: White = 68%, Black = 39%.} 1-0

[Event "Negros Open 2017"]
[Site "Bacolod City"]
[Date "2017.10.19"]
[Round "9"]
[White "Narayanan, Srinath"]
[Black "Short, Nigel D"]
[Result "0-1"]
[WhiteElo "2511"]
[BlackElo "2698"]
[Annotator "TA"]
[PlyCount "106"]
[EventDate "2017.??.??"]
[EventType "swiss"]
[EventCountry "PHI"]
[SourceTitle "playchess.com"]
[Source "ChessBase"]
[SourceQuality "1"]

{[%evp 18,106,17,18,16,12,31,0,6,1,43,13,68,66,55,73,77,72,66,55,70,66,68,57,53,59,68,30,50,18,65,0,16,10,55,47,60,26,30,34,37,8,75,20,43,10,20,9,18,0,0,-77,7,16,22,-35,-35,-35,0,0,0,-274,-264,-299,-195,-190,-192,-226,-233,-235,-216,-604,-598,-589,-566,-617,-612,-604,-600,-578,-568,-615,-614,-589,-581,-504,-552,-677,-671,-665,-657]} 1. e4 e5 2. Nf3 Nc6 3. Bc4 Bc5 4. O-O Nf6 5. d3 a6 6. a4 {C50: Hungarian Defence and Giuoco Pianissimo} d6 7. c3 Ba7 (7... h6 8. Re1 O-O 9. h3 a5 10. Nbd2 Be6 11. Bb5 Na7 12. d4 exd4 13. cxd4 Bb4 14. Bd3 d5 15. e5 Nd7 {½-½ (76) Vachier Lagrave,M (2804)-Svidler,P (2751) Tbilisi 2017}) 8. Na3 O-O 9. Bg5 h6 10. Bh4 {LiveBook: 11 Games} Qe7 11. Bb3 Kh8 $146 ({Predecessor:} 11... Be6 12. Nc4 Nb8 13. Ne3 Bxe3 14. fxe3 Nbd7 {0-1 (92) Ortiz Suarez,I (2581)-Lesiege,A (2512) Baku 2016}) 12. Re1 g5 13. Bg3 Bg4 14. Nc4 (14. h3 $5 {[%cal Rh3g4]} Be6 15. Bxe6 fxe6 16. b4 $11) 14... b5 (14... Nh5 $11) 15. Ne3 Bxe3 $1 16. fxe3 Na5 17. Bc2 c5 18. Rf1 Nd7 19. h3 Be6 20. Be1 c4 21. d4 $1 {[%cal Rd4d5] Black must now prevent d5.} f6 $1 22. Nh2 {[%cal Bf3h2,Bh2f1,Bf1g3][%mdl 32]} Nb6 23. Rf2 Nb3 24. Rb1 (24. Bxb3 $1 $14 cxb3 25. axb5 axb5 26. Rxa8 Rxa8 27. Nf1) 24... bxa4 25. Nf1 a5 26. Ng3 {[%mdl 1024] White has compensation.} Rad8 27. Bd2 Qf7 28. Qe2 Qg6 29. Rbf1 Rd7 (29... g4 $11) 30. Bd1 (30. Nh5 $16 Rdf7 31. g4) 30... Rh7 31. Qe1 (31. Nf5 {keeps more tension.} Bxf5 32. Rxf5 h5 33. Be1 Nc1 34. Qd2) 31... g4 $1 {[%cal Rg4h3]} 32. hxg4 Bxg4 33. Bxg4 Qxg4 34. Rxf6 {[#]} (34. Nf5 $11 {remains equal.}) 34... Rxf6 (34... Rg8 $1 $17 35. R1f3 h5) 35. Rxf6 $11 Nd7 $1 {[%cal Rd7f6]} ({Wrong is} 35... Nxd2 $2 36. Rf8+ Kg7 37. Qf2 $18) 36. Rf3 (36. Rf2 $1 $11) 36... Rg7 $15 {Strongly threatening ...d5!} 37. Qf2 $1 Rg6 (37... d5 $5 38. Be1 Nc1 39. exd5 Nd3 $11) 38. Be1 Nc1 $1 39. Kf1 $2 {[%mdl 8192]} (39. Nf5 $11 {and White has nothing to worry.}) 39... Nd3 $19 40. Qc2 {[#]} d5 $1 {[%mdl 512]} 41. Qxa4 (41. exd5 e4) 41... dxe4 42. Rf5 {[#]} Nf6 $1 43. dxe5 Ng8 $40 {[%mdl 128] Black is out for blood.} 44. Qc2 $2 (44. Qa1) 44... Nxe1 {Black is clearly winning.} 45. Kxe1 Qxg3+ 46. Qf2 Qxg2 47. Qxg2 Rxg2 {[%mdl 4096] Endgame KRN-KR} 48. e6 Rg5 49. Rf8 {Threatens to win with e7.} Re5 50. Rc8 Kg7 51. Rxc4 Ne7 52. Rc7 Kf6 53. Ra7 h5 {Precision: White = 40%, Black = 57%.} 0-1

[Event "Negros Open 2017"]
[Site "Bacolod City"]
[Date "2017.10.19"]
[Round "9"]
[White "Nguyen, Duc Hoa"]
[Black "Montoyo, Ted Ian"]
[Result "1-0"]
[WhiteElo "2499"]
[BlackElo "2297"]
[Annotator "TA"]
[PlyCount "111"]
[EventDate "2017.??.??"]
[EventType "swiss"]
[EventCountry "PHI"]
[SourceTitle "playchess.com"]
[Source "ChessBase"]
[SourceQuality "1"]

{[%evp 9,111,52,69,36,106,40,43,41,54,18,49,33,62,43,37,11,62,68,62,64,68,41,92,81,87,75,110,104,93,87,154,150,146,166,221,193,201,190,172,183,176,103,94,111,96,87,90,102,101,104,102,108,101,119,106,58,48,0,114,94,97,86,79,81,94,81,183,165,174,181,167,155,187,178,188,192,167,178,288,271,302,203,187,157,160,132,182,177,466,442,442,309,303,304,432,435,568,445,12837,12831,8661,5322,12843,12844]} 1. e4 d6 2. d4 c6 3. Nf3 Bg4 4. h3 Bh5 5. Nc3 Nd7 6. Be2 {B12: Caro-Kann: Advance Variation} (6. Qe2 e5 7. g4 Bg6 8. Bg2 Be7 9. h4 h6 10. Bd2 Ngf6 11. Bh3 Qb6 12. dxe5 dxe5 {1-0 (30) Riazantsev,A (2671)-Plat,V (2532) Tallinn 2016}) 6... Qc7 (6... Ngf6 $14) 7. O-O (7. g4 $16 Bg6 8. Nh4) 7... e5 8. Be3 {White is slightly better.} Be7 $146 ({Predecessor:} 8... Ngf6 9. a4 a5 10. Nd2 Bxe2 11. Qxe2 Be7 12. f4 {1-0 (32) Nicholls,L (1929)-List,R (1612) Wellington 2017}) 9. Re1 Rd8 10. a4 a5 11. Rb1 (11. Nd2 $5 {[%cal Re2h5]} Bxe2 12. Qxe2 $14) 11... h6 12. Qd2 (12. Nd2 {feels hotter.} Bg6 13. f4 Ngf6 14. Bd3 O-O 15. f5) 12... Ngf6 (12... Bg6 $11) 13. Nh4 $1 $14 Bxe2 14. Qxe2 g6 15. Qd2 Nh5 (15... h5 $14) 16. Nf3 $16 g5 17. Qd1 Nf4 18. Ne2 Nxe2+ 19. Qxe2 Nf8 ({Black should play} 19... Rg8) 20. b4 axb4 21. Rxb4 c5 (21... d5 $142 22. Rb3 dxe4 23. Nxe5 Ne6) 22. dxc5 $18 dxc5 23. Qb5+ Rd7 24. Rb3 Ne6 25. Rd3 ({White should try} 25. Reb1 $18) 25... Nd4 $16 26. Bxd4 $1 exd4 27. c3 {[%cal Rc3d4]} O-O 28. cxd4 cxd4 29. Rxd4 (29. Nxd4 $2 Rfd8 $17) 29... Rxd4 30. Nxd4 {Strongly threatening Nf5.} Ra8 31. Nf5 Bf8 32. g3 Ra5 33. Qe8 Ra6 (33... Re5 $1 $11 34. Nxh6+ Kg7 35. Nf5+ Kg8) 34. Rd1 $40 {[%mdl 128] White goes for the king.} Re6 35. Qa8 {Black must now prevent Rd8.} Ra6 36. Qd8 $1 {[%cal Rd8c7]} Qxd8 37. Rxd8 Rxa4 (37... h5 $16) 38. Nxh6+ $1 {[%mdl 4096] Endgame KRB-KRN} Kg7 39. Nf5+ Kg8 40. f3 $1 b5 41. Rb8 b4 {[#]} 42. h4 $1 {[%cal Rh4g5]} gxh4 43. gxh4 f6 (43... Ra2 $142 44. h5 f6) 44. Kg2 $18 Kf7 45. Kg3 Ra1 46. Kf4 Rh1 47. Rb6 Bc5 {[#]} 48. Rb7+ $1 Kg8 $2 (48... Ke6 {was worth a try.} 49. Rb5 Bf8) 49. Nh6+ Kf8 50. Kg4 Ke8 51. Kf5 Rh3 (51... Rxh4 {might work better.} 52. Ng4 Kd8 53. Nxf6 Kc8) 52. f4 {White is clearly winning.} Rxh4 53. Ng8 Bd4 (53... Kd8 $142 54. Nxf6 Kc8) 54. Ke6 {[%cal Rb7b8]} Kf8 55. Ne7 {Threatening mate with Ng6+.} Rh3 56. Nf5 {Precision: White = 65%, Black = 41%.} 1-0

[Event "Negros Open 2017"]
[Site "Bacolod City"]
[Date "2017.10.19"]
[Round "9"]
[White "Dimakiling, Oliver"]
[Black "Garma, Chito"]
[Result "1-0"]
[WhiteElo "2419"]
[BlackElo "2327"]
[Annotator "TA"]
[PlyCount "49"]
[EventDate "2017.??.??"]
[EventType "swiss"]
[EventCountry "PHI"]
[SourceTitle "playchess.com"]
[Source "ChessBase"]
[SourceQuality "1"]

{[%evp 30,49,147,135,160,162,170,170,168,156,344,346,480,493,804,802,2472,2451,6257,5930,29982,29983]} 1. Nf3 Nf6 2. c4 e6 3. Nc3 d5 4. d4 Be7 5. g3 O-O 6. Bg2 b6 7. Ne5 Bb7 8. O-O Nbd7 9. cxd5 exd5 10. Qa4 Nxe5 11. dxe5 Ne8 12. Nxd5 {E18: Queen's Indian: Old Main Line (4 g3 Bb7 5 Bg2 Be7 6 0-0 0-0 7 Nc3)} Bxd5 13. Rd1 c6 14. e4 Nc7 15. exd5 cxd5 16. Be3 {LiveBook: 3 Games} Re8 (16... Bc5 17. Bxc5 bxc5 18. Qc6 Rb8 19. Qxc5 Rxb2 20. Qxa7 {1-0 (47) Tadic,B (2532)-Maksimovic,B (2421) Kragujevac 2009}) 17. Rac1 Bc5 $146 ({Predecessor:} 17... Bf8 18. Qc6 Rc8 19. Qb7 Ne6 20. Bxd5 Rxc1 21. Rxc1 {1-0 (45) Najdorf,M-Wexler,B Buenos Aires 1965}) 18. Bxc5 bxc5 19. f4 {[%cal Bf2f4,Bf4e5][%mdl 32]} f6 $2 (19... Qe7 $16 {was called for.} 20. Qa3 (20. Bxd5 Nxd5 21. Rxd5 Qb7 $18) 20... g5 21. Qxc5 Qxc5+ 22. Rxc5 Ne6 23. Rcxd5 gxf4) 20. Rxc5 $18 {[#] And now Qc2 would win.} fxe5 21. Qc2 Re7 (21... Rc8 $142 22. Bh3 Rb8 23. Rxc7 exf4 24. gxf4 Qf6) 22. Rdxd5 Qb8 23. Rxe5 Rxe5 24. fxe5 Na6 25. Bxa8 1-0

[Event "Negros Open 2017"]
[Site "Bacolod City"]
[Date "2017.10.19"]
[Round "9"]
[White "Laylo, Darwin"]
[Black "Salubre, Jayson"]
[Result "1-0"]
[WhiteElo "2402"]
[BlackElo "2282"]
[Annotator "TA"]
[PlyCount "122"]
[EventDate "2017.??.??"]
[EventType "swiss"]
[EventCountry "PHI"]
[SourceTitle "playchess.com"]
[Source "ChessBase"]
[SourceQuality "1"]

{[%evp 11,122,33,28,19,37,15,20,0,18,14,24,24,11,17,10,0,0,0,0,0,26,25,19,15,21,9,28,27,38,26,35,28,49,58,42,20,25,25,35,15,15,0,27,0,0,0,0,0,0,0,0,0,22,31,23,29,56,56,51,53,56,43,43,43,43,43,43,13,43,12,43,43,49,43,43,51,66,66,66,66,130,142,158,158,158,158,158,158,158,158,159,72,72,72,72,72,72,72,72,72,72,72,72,72,72,72,72,72,72,72,72,0,72]} 1. d4 d5 2. Nf3 Nf6 3. c4 c6 4. e3 Bf5 5. Nc3 e6 6. Nh4 Bg6 7. Be2 {D12: Slav Defence: 3 Nf3 Nf6 4 e3 Bf5} (7. Nxg6 hxg6 8. h3 Nbd7 9. Bd3 Bd6 10. O-O Qe7 11. e4 dxe4 12. Bxe4 O-O 13. Bg5 Qd8 14. Re1 Qc7 15. Qf3 Bb4 {1-0 (38) Kramnik,V (2808)-Giri,A (2771) Leuven 2017}) 7... Nbd7 8. Bd2 Bd6 9. g3 O-O 10. O-O dxc4 11. Nxg6 hxg6 12. Bxc4 c5 13. Nb5 $146 ({Predecessor:} 13. Qf3 Nb6 14. Bb3 cxd4 15. exd4 {½-½ (50) Kovalyov,A (2629)-Cori Tello,J (2496) Toluca 2011}) 13... Be7 14. dxc5 a6 15. Nd4 Bxc5 16. Nb3 Be7 17. Rc1 Ne4 18. Ba5 b6 19. Be1 Bf6 20. Qe2 a5 21. Bb5 Ndc5 22. Nxc5 Nxc5 23. f3 Qc7 24. Bf2 Rfd8 25. Rc2 g5 26. g4 g6 27. b3 Kg7 28. Bg3 Be5 29. f4 gxf4 30. exf4 Bd4+ 31. Kg2 Qb7+ 32. Qf3 Qxf3+ 33. Kxf3 Rd6 34. Rd1 {Strongly threatening f5.} Rad8 35. Rcd2 Be5 36. Rxd6 Rxd6 37. Rxd6 Bxd6 $14 {[%mdl 4096] Endgame KBB-KBN} 38. h4 f5 39. Bf2 Kf7 40. Bd4 Bc7 41. g5 {[%cal Bg4g5,Bg5g6][%mdl 32]} Bd6 42. Ke3 Bc7 43. Be2 Nd7 44. h5 gxh5 45. Bxh5+ Ke7 {[#]} (45... Kf8 $1 $14) 46. g6 $1 $16 {[%cal Rg6g7]} Nf6 47. g7 {White wants to mate with Bxf6+.} Bxf4+ 48. Kxf4 {Intending Bxf6+ and mate.} Nxh5+ 49. Kg5 Nxg7 50. Bxg7 {aiming for Be5. KB-KP} Kd6 {[#]} 51. Bd4 (51. Bc3 $142 $1) 51... b5 52. Kf4 Kd5 53. Ba7 a4 54. Bf2 Kd6 55. Be1 Kd5 56. Bc3 Kd6 57. Bd2 Kd5 58. Be3 Kd6 59. Bd4 Kd5 60. Be5 Kc5 61. Bc3 (61. bxa4 $16 {Threatens to win with a5.} bxa4 62. Kf3) 61... Kd5 {Precision: White = 64%, Black = 56%.} (61... Kd6 $1 $11 {keeps the balance.}) 1-0